The position of Slovak universities in the international rankings – why aren’t we catching up?.

Akademické hodnotenia a porovnanie medzinárodných a národných hodnotení. Možné problémy, ktorým čelia národné univerzity. Odporúčanie pre akreditačnú komisiu. Odporúčanie pre Ministerstvo školstva, vedy, výskumu a športu. Odporúčania pre univerzity.

Enregistré dans:
Détails bibliographiques
Auteur principal: Bušíková, Alena, 1982-
Format: Chapitre de livre
Langue:anglais
Sujets:
Tags: Ajouter un tag
Pas de tags, Soyez le premier à ajouter un tag!

MARC

LEADER 00000nla$a2200000$$$4500
001 0144178
005 20221103133917.1
041 0 |a eng 
044 |a SK 
245 1 0 |a The position of Slovak universities in the international rankings – why aren’t we catching up?.  |c Alena Bušíková 
520 |a Akademické hodnotenia a porovnanie medzinárodných a národných hodnotení. Možné problémy, ktorým čelia národné univerzity. Odporúčanie pre akreditačnú komisiu. Odporúčanie pre Ministerstvo školstva, vedy, výskumu a športu. Odporúčania pre univerzity. 
610 2 0 |a vzdelávanie 
610 2 0 |a školstvo 
610 2 0 |a univerzity 
610 2 0 |a porovnanie medzinárodné 
610 2 0 |a akreditácia 
610 2 0 |a Slovensko 
100 1 |a Bušíková, Alena, 1982-